[Event "HZ Chess Tournament 2022"]
[Site "Vlissingen, Netherlands"]
[Date "2022.08.12"]
[Round "8.29"]
[White "Manshanden, Dennis"]
[Black "Zwirs, Jasper"]
[Result "0-1"]
[WhiteElo "1666"]
[BlackElo "2105"]
[PlyCount "92"]

1. d4 d5 2. c4 e6 3. Nf3 Nf6 4. Nc3 c6 5. e3 Nbd7 6. Be2 dxc4 7. a4 c5 8. Bxc4
cxd4 9. exd4 Be7 10. O-O O-O 11. Re1 Nb6 12. Bd3 Bd7 13. Ne5 Bc6 14. a5 Nbd5
15. Ne4 h6 16. Nc5 Nb4 17. Bb1 Qd5 18. Nxc6 Qxc6 19. Qa4 Bxc5 20. Qxc6 bxc6 21.
dxc5 Nfd5 22. a6 Rfb8 23. Bd2 Rb5 24. Ra4 Rab8 25. Rc1 Nc7 26. Bf4 Nbd5 27. Be5
f6 28. Bxc7 Nxc7 29. Be4 Nd5 30. Bxd5 exd5 31. Ra2 Rxb2 32. Rxb2 Rxb2 33. g3
Ra2 34. Rb1 Rxa6 35. Rb8+ Kf7 36. Rb7+ Ke6 37. Rxg7 Ra5 38. f4 Rxc5 39. Rxa7
Rc2 40. Rh7 d4 41. Rxh6 d3 42. Kf1 c5 43. Rh8 c4 44. h3 d2 45. Rd8 Rc1+ 46. Ke2
c3 0-1

[Event "HZ Chess Tournament 2022"]
[Site "Vlissingen, Netherlands"]
[Date "2022.08.12"]
[Round "8.31"]
[White "Smeets, Kobe"]
[Black "Lefebvre, Herve"]
[Result "1-0"]
[WhiteElo "1994"]
[BlackElo "2212"]
[PlyCount "81"]

1. e4 c5 2. Nf3 d6 3. d4 cxd4 4. Nxd4 Nf6 5. f3 e5 6. Nb3 d5 7. Bg5 Be6 8. Bxf6
gxf6 9. exd5 Bxd5 10. Nc3 Be6 11. Qxd8+ Kxd8 12. O-O-O+ Kc8 13. Ne4 Nd7 14. Bb5
Be7 15. Nd6+ Bxd6 16. Rxd6 Kc7 17. Rhd1 Rad8 18. Na5 Nc5 19. Rxd8 Rxd8 20. Rxd8
Kxd8 21. b4 a6 22. Bf1 Na4 23. Nxb7+ Kc7 24. Na5 Nc3 25. a3 f5 26. Bxa6 e4 27.
fxe4 fxe4 28. Bc4 Kd6 29. Nb7+ Ke5 30. Bxe6 Kxe6 31. Nc5+ Kd5 32. a4 Na2+ 33.
Kd2 Nxb4 34. c3 Nc6 35. Nd7 f5 36. Nf6+ Ke5 37. Nxh7 f4 38. Ke2 Ne7 39. a5 Nd5
40. c4 Nc3+ 41. Ke1 1-0

[Event "HZ Chess Tournament 2022"]
[Site "Vlissingen, Netherlands"]
[Date "2022.08.12"]
[Round "8.32"]
[White "Weber, Dirk"]
[Black "Ackermann, Frank"]
[Result "1-0"]
[WhiteElo "2208"]
[BlackElo "2012"]
[PlyCount "81"]

1. e4 c5 2. Nc3 Nc6 3. g3 g6 4. Bg2 Bg7 5. d3 e6 6. Be3 d6 7. Qd2 Qa5 8. Nge2
Nd4 9. Nc1 h5 10. h3 e5 11. f4 Ne7 12. O-O Bh6 13. Nb3 Qd8 14. fxe5 Bxe3+ 15.
Qxe3 dxe5 16. Qf2 O-O 17. Nxc5 Qb6 18. N3a4 Qa5 19. c3 Ndc6 20. b4 Qb5 21. a3
Nd8 22. Qf6 Qe8 23. Nb2 b6 24. Nb3 Nec6 25. b5 Nb8 26. a4 Be6 27. Nd2 Nd7 28.
Qg5 Kg7 29. d4 f6 30. Qe3 Rc8 31. Rac1 Qe7 32. Nd3 Bc4 33. h4 Qa3 34. Nxc4 Rxc4
35. Bh3 Rf7 36. dxe5 Nxe5 37. Nxe5 fxe5 38. Qg5 Qe7 39. Rxf7+ Qxf7 40. Qxd8 Qf3
41. Qe7+ 1-0

[Event "HZ Chess Tournament 2022"]
[Site "Vlissingen, Netherlands"]
[Date "2022.08.12"]
[Round "8.33"]
[White "Van Kuijk, Vadim"]
[Black "Baarslag, Ed"]
[Result "0-1"]
[WhiteElo "1982"]
[BlackElo "2172"]
[PlyCount "60"]

1. e4 c6 2. d4 d5 3. exd5 cxd5 4. Bd3 Nc6 5. c3 Nf6 6. Bf4 Bg4 7. Qb3 Qd7 8.
Nd2 e6 9. Ngf3 Bd6 10. Bxd6 Qxd6 11. O-O O-O 12. Rfe1 Bxf3 13. Nxf3 Qc7 14. Ne5
Nxe5 15. dxe5 Nd7 16. Qc2 g6 17. Qe2 Rab8 18. Rac1 b5 19. f4 Rfc8 20. b3 Qa5
21. c4 bxc4 22. bxc4 Nb6 23. cxd5 Nxd5 24. Qf2 Rxc1 25. Rxc1 Qa3 26. Rd1 Rb2
27. Rd2 Rxd2 28. Qxd2 Nxf4 29. Bc4 Qc5+ 30. Kh1 Qxe5 0-1

[Event "HZ Chess Tournament 2022"]
[Site "Vlissingen, Netherlands"]
[Date "2022.08.12"]
[Round "8.34"]
[White "Boghossian, Wahe"]
[Black "Bui, Bao Anh Le"]
[Result "1/2-1/2"]
[WhiteElo "1892"]
[BlackElo "2159"]
[PlyCount "120"]

1. Nf3 Nf6 2. d4 d5 3. b3 e6 4. e3 Be7 5. Bb2 O-O 6. Bd3 b6 7. O-O Bb7 8. Nbd2
Ne4 9. c4 Nd7 10. cxd5 exd5 11. Rc1 Bd6 12. Ne5 Qe7 13. Bxe4 dxe4 14. Ndc4 Ba6
15. Qc2 f5 16. Nxd7 Qxd7 17. Rfd1 Rac8 18. Ne5 Bxe5 19. dxe5 Bd3 20. Qc6 Qxc6
21. Rxc6 Bb5 22. Rcc1 c5 23. Rd6 Rfd8 24. f4 Kf7 25. h3 Ke7 26. g4 fxg4 27.
hxg4 Rxd6 28. exd6+ Kxd6 29. Bxg7 Rg8 30. Be5+ Ke6 31. Kf2 Rxg4 32. Rh1 Be8 33.
Rh6+ Bg6 34. Bb8 Kd7 35. Bxa7 Kc7 36. f5 Bxf5 37. Bxb6+ Kb7 38. Bxc5 Rg8 39.
Rb6+ Kc7 40. a4 Bd7 41. Rh6 Bf5 42. Rf6 Bd7 43. a5 Rg5 44. Bb6+ Kb7 45. Rf7
Rf5+ 46. Rxf5 Bxf5 47. b4 Bd7 48. Bc5 Ka6 49. Kg3 Bb5 50. Kf4 Bd3 51. Kg5 Kb5
52. Kh6 Ka6 53. Kxh7 Bb5 54. Kg6 Bd3 55. Kf5 Kb5 56. Ke5 Ka6 57. Kd5 Kb5 58.
Bf8 Ka6 59. Kc6 Bb5+ 60. Kc5 Bd3 1/2-1/2

[Event "HZ Chess Tournament 2022"]
[Site "Vlissingen, Netherlands"]
[Date "2022.08.12"]
[Round "8.35"]
[White "Bleeker, Kasper"]
[Black "Boelhouwer, Collin"]
[Result "1-0"]
[WhiteElo "1823"]
[BlackElo "2151"]
[PlyCount "139"]

1. e4 c5 2. Nf3 e6 3. d4 cxd4 4. Nxd4 Nc6 5. Nc3 Qc7 6. Be3 a6 7. g4 b5 8. Nxc6
Qxc6 9. Qd2 Bb7 10. O-O-O Nf6 11. f3 d6 12. Bg2 Be7 13. g5 Nd7 14. f4 Nb6 15.
b3 Rc8 16. Ne2 O-O 17. f5 e5 18. Ng3 g6 19. f6 Bd8 20. h4 Nd7 21. Kb1 Ba5 22.
Qd3 Nc5 23. Qxd6 Ne6 24. Qxc6 Bxc6 25. Bh3 Rfe8 26. Bxe6 Rxe6 27. h5 Bb4 28.
hxg6 fxg6 29. Rd3 Be8 30. Rhd1 Rec6 31. Rd8 Kf7 32. Rxc8 Rxc8 33. Rd3 Be1 34.
Bd2 Bxg3 35. Rxg3 Bc6 36. Rc3 Bb7 37. Rxc8 Bxc8 38. Bc3 Ke6 39. Bxe5 Bb7 40.
Kb2 Bxe4 41. Kc3 Kd7 42. Kd2 Bd5 43. Ke3 Bf7 44. Kd4 Kc6 45. Bf4 Kb6 46. Be3
Kc6 47. Kc3 a5 48. Kd4 a4 49. Kc3 axb3 50. axb3 Kd5 51. Kb4 Kc6 52. Ka5 Bd5 53.
Ka6 Be6 54. Ka7 Bd5 55. Bf2 Kc7 56. Bg3+ Kc6 57. Kb8 Kd7 58. Be1 Kd8 59. Bd2
Kd7 60. Ba5 Be4 61. c4 bxc4 62. bxc4 Bd3 63. c5 Be4 64. Bb4 Bd5 65. Ba3 Bc6 66.
Ka7 Bd5 67. Kb6 Bf7 68. c6+ Kc8 69. Bc1 Bb3 70. Kc5 1-0

[Event "HZ Chess Tournament 2022"]
[Site "Vlissingen, Netherlands"]
[Date "2022.08.12"]
[Round "8.36"]
[White "Koffeman, Timo"]
[Black "Gosman, Theo"]
[Result "1-0"]
[WhiteElo "2119"]
[BlackElo "1997"]
[PlyCount "91"]

1. e4 e6 2. d4 d5 3. Nc3 Nf6 4. Bg5 Bb4 5. e5 h6 6. Bd2 Bxc3 7. bxc3 Ne4 8. Ne2
Nxd2 9. Qxd2 c5 10. h4 Nc6 11. Rh3 c4 12. Rg3 Ne7 13. Rxg7 Ng6 14. h5 Kf8 15.
Rxg6 fxg6 16. hxg6 Qg5 17. Nf4 Bd7 18. g3 Rg8 19. Qc1 Rxg6 20. Qa3+ Kg7 21. Qd6
Rd8 22. Bh3 Ba4 23. Qxe6 Bxc2 24. Nxg6 Bxg6 25. Qg4 Qe7 26. Qh4 Qa3 27. Qf6+
Kh7 28. Kf1 Rf8 29. Qd6 Rxf2+ 30. Kxf2 Qb2+ 31. Kg1 Qxa1+ 32. Bf1 Qxc3 33. Qd7+
Kg8 34. Qxd5+ Bf7 35. Qd8+ Kg7 36. Qf6+ Kg8 37. Qf4 Qe1 38. Qf2 Qc3 39. Kh2 b5
40. Bh3 Bg6 41. Be6+ Kh7 42. Qf8 Qd2+ 43. Kh3 h5 44. Bg8+ Kh8 45. Bf7+ Kh7 46.
Qg8+ 1-0

[Event "HZ Chess Tournament 2022"]
[Site "Vlissingen, Netherlands"]
[Date "2022.08.12"]
[Round "8.37"]
[White "Haak, Eelco"]
[Black "Dougherty, Michael"]
[Result "0-1"]
[WhiteElo "1933"]
[BlackElo "2071"]
[PlyCount "78"]

1. d4 Nf6 2. c4 c5 3. Nf3 cxd4 4. Nxd4 a6 5. Nc3 e6 6. g3 Qc7 7. Bg2 Qxc4 8.
O-O Nc6 9. Nxc6 bxc6 10. Bg5 Be7 11. e4 h6 12. Bf4 O-O 13. a3 a5 14. Re1 Qa6
15. Qd2 d5 16. exd5 cxd5 17. Bf1 Qb6 18. Rac1 Bd7 19. Be3 Qd8 20. Bd4 Rc8 21.
Bd3 Be8 22. Bb1 Bc5 23. Ne2 Bxd4 24. Qxd4 Bb5 25. Nc3 Ba6 26. Na4 Nd7 27. b4
axb4 28. axb4 Bc4 29. Bd3 e5 30. Qe3 d4 31. Qe2 Bd5 32. Be4 Rxc1 33. Rxc1 Nf6
34. Bxd5 Qxd5 35. Rc5 Qb3 36. Qc2 Qxb4 37. Rxe5 d3 38. Qd1 Ra8 39. Nc5 Qd4 0-1

[Event "HZ Chess Tournament 2022"]
[Site "Vlissingen, Netherlands"]
[Date "2022.08.12"]
[Round "8.38"]
[White "Godding, Mick"]
[Black "Brokaar, Joey"]
[Result "1/2-1/2"]
[WhiteElo "1773"]
[BlackElo "2068"]
[PlyCount "39"]

1. e4 c5 2. c3 d5 3. exd5 Qxd5 4. d4 Nc6 5. Nf3 Bg4 6. Be2 e6 7. Be3 cxd4 8.
Bxd4 Nxd4 9. cxd4 Bb4+ 10. Nc3 Qa5 11. O-O Bxc3 12. bxc3 Nf6 13. Rb1 O-O 14.
Rxb7 Qxa2 15. h3 Nd5 16. Qb3 Qxe2 17. hxg4 Rfc8 18. Rc1 Qc4 19. Qa3 Qc6 20.
Rxf7 1/2-1/2

[Event "HZ Chess Tournament 2022"]
[Site "Vlissingen, Netherlands"]
[Date "2022.08.12"]
[Round "8.39"]
[White "Warnaar, Alisha"]
[Black "Gorny, Michael"]
[Result "1/2-1/2"]
[WhiteElo "2037"]
[BlackElo "1962"]
[PlyCount "111"]

1. e4 c5 2. Nf3 d6 3. d4 cxd4 4. Nxd4 Nf6 5. Nc3 a6 6. g3 e5 7. Nb3 Be7 8. Bg2
O-O 9. O-O b5 10. a4 b4 11. Nd5 Nxd5 12. exd5 a5 13. c4 bxc3 14. bxc3 Ba6 15.
Re1 Nd7 16. Ba3 Rc8 17. Rc1 f5 18. Kh1 Bc4 19. f4 Bxb3 20. Qxb3 e4 21. Bf1 Qc7
22. c4 Rb8 23. Qa2 Nc5 24. Rb1 Bf6 25. Rb5 Rxb5 26. axb5 Ra8 27. Rb1 Qb6 28.
Qf2 Rc8 29. Rc1 Qa7 30. Bh3 g6 31. g4 Qd7 32. Bxc5 dxc5 33. gxf5 gxf5 34. Qg2+
Kh8 35. Qxe4 fxe4 36. Bxd7 Rd8 37. Bf5 e3 38. Re1 Bd4 39. Bc2 Ra8 40. Ba4 Rf8
41. Re2 Rg8 42. Bd1 Ra8 43. Kg2 a4 44. Kf3 a3 45. Bb3 Kg7 46. Ba2 Kf6 47. Rg2
Re8 48. Re2 Rg8 49. Re1 Re8 50. Bb3 Ra8 51. Re2 Re8 52. Rg2 Ra8 53. Ba2 Re8 54.
Ke2 Ra8 55. Kf3 Re8 56. Re2 1/2-1/2

[Event "HZ Chess Tournament 2022"]
[Site "Vlissingen, Netherlands"]
[Date "2022.08.12"]
[Round "8.40"]
[White "Lichtmannecker, Daniel"]
[Black "Sai Kiran Y"]
[Result "1-0"]
[WhiteElo "2031"]
[BlackElo "1879"]
[PlyCount "133"]

1. d4 Nf6 2. Nc3 d5 3. Bf4 c5 4. e3 a6 5. Nf3 cxd4 6. exd4 Bf5 7. Ne5 Nc6 8. g4
Be6 9. Bg2 g6 10. Qd2 Bg7 11. h3 O-O 12. O-O-O Rc8 13. Bh6 Qa5 14. Bxg7 Kxg7
15. Kb1 Rfd8 16. f4 Ne8 17. f5 Nxe5 18. dxe5 d4 19. fxe6 dxc3 20. Qf4 f6 21.
exf6+ Nxf6 22. g5 Ng8 23. h4 Qf5 24. Qxf5 gxf5 25. Rxd8 Rxd8 26. bxc3 Kg6 27.
Kc1 b6 28. Bf3 h6 29. Rg1 hxg5 30. hxg5 Rd6 31. Bb7 a5 32. a4 Kg7 33. Re1 Kg6
34. Ba6 Rd8 35. Rg1 f4 36. Bd3+ Kh5 37. Kd2 Rd5 38. g6 Rg5 39. Rh1+ Kg4 40.
Rg1+ Kh4 41. Rh1+ Kg3 42. Rb1 Nf6 43. Rxb6 Rd5 44. Rb5 Rd8 45. Ke1 f3 46. Rf5
Ng4 47. g7 f2+ 48. Ke2 Rg8 49. Rg5 Kf4 50. Rf5+ Kg3 51. Rf7 Kg2 52. Kd2 Nf6 53.
Be2 Ne4+ 54. Ke3 Nf6 55. c4 f1=Q 56. Bxf1+ Kxf1 57. Rxe7 Nh5 58. Rf7+ Kg2 59.
e7 Re8 60. Kd4 Kg3 61. Kd5 Kg4 62. Kd6 Kg5 63. Kd7 Ra8 64. e8=Q Ra7+ 65. Kc6
Ra6+ 66. Kb5 Rg6 67. g8=Q 1-0

[Event "HZ Chess Tournament 2022"]
[Site "Vlissingen, Netherlands"]
[Date "2022.08.12"]
[Round "8.41"]
[White "Van Dijkhuizen, Robbert"]
[Black "Wilgenhof, Otto"]
[Result "0-1"]
[WhiteElo "1869"]
[BlackElo "2170"]
[PlyCount "48"]

1. d4 Nf6 2. c4 c5 3. d5 b5 4. Qc2 e6 5. e4 bxc4 6. Bxc4 exd5 7. exd5 d6 8. Ne2
g6 9. Ng3 Bg7 10. O-O O-O 11. Nc3 h5 12. Bg5 Qb6 13. Rfe1 Nbd7 14. f4 Qb4 15.
Nce4 Ng4 16. Kh1 Qxb2 17. Qxb2 Bxb2 18. Rab1 Bd4 19. Re2 f6 20. Bh4 Nb6 21. Bb5
Bb7 22. h3 Ne3 23. Bc6 Bxc6 24. dxc6 Ned5 0-1

[Event "HZ Chess Tournament 2022"]
[Site "Vlissingen, Netherlands"]
[Date "2022.08.12"]
[Round "8.42"]
[White "Matsumura, Cocoro"]
[Black "Verheij, Dana"]
[Result "1-0"]
[WhiteElo "2148"]
[BlackElo "1850"]
[PlyCount "73"]

1. e4 c5 2. Nf3 d6 3. d4 cxd4 4. Nxd4 Nf6 5. Nc3 a6 6. g3 e5 7. Nb3 Be7 8. Bg2
O-O 9. a4 Nc6 10. O-O Nb4 11. Be3 Be6 12. Nd5 Nfxd5 13. exd5 Bf5 14. c3 Nc2 15.
Rc1 Nxe3 16. fxe3 Bg6 17. a5 Bg5 18. Qe2 f5 19. c4 Qd7 20. h4 Bf6 21. c5 Bf7
22. cxd6 Qxd6 23. Rxf5 g6 24. Rff1 e4 25. Nc5 Bxd5 26. Rfd1 Rad8 27. Nxe4 Qe5
28. Nxf6+ Rxf6 29. Rc5 Rfd6 30. Rcxd5 Rxd5 31. Rxd5 Rxd5 32. Qc4 Kg7 33. Qxd5
Qxg3 34. Qxb7+ Kh6 35. Qe7 Qe1+ 36. Kh2 Qxa5 37. Qf8+ 1-0

[Event "HZ Chess Tournament 2022"]
[Site "Vlissingen, Netherlands"]
[Date "2022.08.12"]
[Round "8.44"]
[White "Timmermans, Adri"]
[Black "Reichardt, Robin"]
[Result "1/2-1/2"]
[WhiteElo "1840"]
[BlackElo "2054"]
[PlyCount "76"]

1. e4 e5 2. Nf3 Nc6 3. d4 exd4 4. Bc4 Nf6 5. O-O Nxe4 6. Nc3 Nd6 7. Nd5 Nxc4 8.
Qe2+ Be7 9. Qxc4 O-O 10. Re1 Bf6 11. Re4 d6 12. Rf4 Be6 13. Nxf6+ Qxf6 14. Qb5
Qg6 15. Nxd4 Nxd4 16. Rxd4 Qxc2 17. Qxb7 Rfe8 18. h3 Bxa2 19. Be3 Rab8 20. Qa6
Be6 21. Rc1 Qg6 22. Kh2 Rxb2 23. Rxc7 d5 24. Qxa7 h6 25. Qa4 Reb8 26. Qd1 Qf5
27. Rc1 R8b3 28. Rf4 Qe5 29. Qf3 g5 30. Qg3 f6 31. Rd1 Kh7 32. Ra4 Qxg3+ 33.
Kxg3 Kg6 34. Kh2 Rc2 35. Ra6 Bc8 36. Rd6 Bb7 37. Bd4 Rc6 38. Rxd5 Re6 1/2-1/2

[Event "HZ Chess Tournament 2022"]
[Site "Vlissingen, Netherlands"]
[Date "2022.08.12"]
[Round "8.45"]
[White "Emans, Job"]
[Black "Kalma, Jildo"]
[Result "1-0"]
[WhiteElo "2035"]
[BlackElo "1826"]
[PlyCount "57"]

1. d4 f5 2. Nf3 Nf6 3. g3 e6 4. Bg2 Be7 5. O-O O-O 6. c4 d6 7. Nc3 Ne4 8. Qc2
Nxc3 9. Qxc3 a5 10. Re1 Nc6 11. b3 Bf6 12. Bb2 e5 13. e3 Qe8 14. dxe5 dxe5 15.
e4 Qg6 16. exf5 Bxf5 17. Qe3 Rfe8 18. h4 Rad8 19. Rad1 Bg4 20. Rxd8 Rxd8 21.
Nxe5 Nxe5 22. Bxe5 Re8 23. Qc3 Bxe5 24. Rxe5 Qb1+ 25. Kh2 Rf8 26. Qe3 Qxa2 27.
Bd5+ Kh8 28. Re8 Qa3 29. c5 1-0

[Event "HZ Chess Tournament 2022"]
[Site "Vlissingen, Netherlands"]
[Date "2022.08.12"]
[Round "8.46"]
[White "Boulahfa, Hicham"]
[Black "Molenaar, Toine"]
[Result "1/2-1/2"]
[WhiteElo "2032"]
[BlackElo "1823"]
[PlyCount "47"]

1. e4 e5 2. Nf3 Nc6 3. Bc4 Nf6 4. d3 Be7 5. O-O O-O 6. c3 d5 7. exd5 Nxd5 8.
Re1 Bg4 9. Bb5 Bd6 10. Nbd2 a6 11. Bxc6 bxc6 12. Nc4 Qf6 13. h3 Bxf3 14. Qxf3
Qxf3 15. gxf3 Rfe8 16. Be3 Rab8 17. Re2 Re6 18. Rae1 h6 19. Bc1 Rg6+ 20. Kf1
Rf6 21. Kg2 Rg6+ 22. Kf1 Rf6 23. Kg2 Rg6+ 24. Kf1 1/2-1/2

[Event "HZ Chess Tournament 2022"]
[Site "Vlissingen, Netherlands"]
[Date "2022.08.12"]
[Round "8.48"]
[White "De Wolf, Johan"]
[Black "Hematyar, Fardin"]
[Result "1/2-1/2"]
[WhiteElo "2010"]
[BlackElo "1777"]
[PlyCount "43"]

1. d4 d5 2. Nf3 Nf6 3. c4 c6 4. g3 e6 5. Bg2 Be7 6. O-O O-O 7. Nc3 Nbd7 8. b3
Re8 9. Qc2 Bb4 10. Bb2 Nf8 11. Rfd1 b6 12. e3 Ba6 13. Ne2 Rc8 14. Nf4 Ne4 15.
Rac1 Bd6 16. Qb1 Ng6 17. Nxg6 hxg6 18. Ne5 Nf6 19. a4 Bb7 20. Qd3 a5 21. Qe2
Qe7 22. Nd3 1/2-1/2

[Event "HZ Chess Tournament 2022"]
[Site "Vlissingen, Netherlands"]
[Date "2022.08.12"]
[Round "8.49"]
[White "De Boer, Robert"]
[Black "Nellen, Marcel"]
[Result "0-1"]
[WhiteElo "2005"]
[BlackElo "1808"]
[PlyCount "54"]

1. e4 e5 2. Nf3 Nc6 3. Bc4 Bc5 4. c3 Nf6 5. d3 d6 6. Nbd2 h6 7. Bb3 Bg4 8. h3
Bd7 9. Nf1 a6 10. Ng3 Ne7 11. O-O Ng6 12. d4 Ba7 13. Re1 O-O 14. Nf5 d5 15.
Nxe5 Nxe5 16. dxe5 Nxe4 17. Rxe4 dxe4 18. Qg4 Bxf5 19. Qxf5 e3 20. fxe3 Qg5 21.
Qe4 Rfe8 22. e6 fxe6 23. Bc2 Qf5 24. Qa4 Qe5 25. Be4 b5 26. Qc2 Rad8 27. Bd2
Rxd2 0-1

[Event "HZ Chess Tournament 2022"]
[Site "Vlissingen, Netherlands"]
[Date "2022.08.12"]
[Round "8.52"]
[White "Wiewesiek, Timo"]
[Black "Cortenbach, Stan"]
[Result "1-0"]
[WhiteElo "1976"]
[BlackElo "1743"]
[PlyCount "57"]

1. d4 f5 2. h3 d5 3. Bf4 c5 4. e3 e6 5. Nf3 Nc6 6. Nc3 Bd6 7. Ne5 Bxe5 8. dxe5
a6 9. g4 Nge7 10. gxf5 exf5 11. Qh5+ g6 12. Qh4 Qa5 13. Bh6 d4 14. Qf6 Rg8 15.
Bc4 dxc3 16. Bf7+ Kd8 17. Rd1+ Kc7 18. b4 cxb4 19. Qd6+ Kb6 20. e4 Qxe5 21.
Be3+ Ka5 22. Rd5+ Nxd5 23. Qc5+ b5 24. Bxd5 Rb8 25. a3 fxe4 26. axb4+ Nxb4 27.
O-O Qxd5 28. Ra1+ Na2 29. Qa3# 1-0